La faune des oceans : histoire naturelle de la mer /

Bibliographic Details
Main Author: Boulenger, E. G. (Edward George), 1888-1946
Format: Book
Language:French
Published: Paris : Payot, 1951.
Series:Bibliothèque géographique.
Subjects:

MARC

Tag First Indicator Second Indicator Subfields
LEADER 00000cam a2200000 4500
001 in00000051537
005 20151007072011.0
008 800604s1951 fr a 00000 fre d
035 |a (OCoLC)06388333 
035 |9 AAE7043AM 
040 |a TXA  |c TXA  |d UtOrBLW 
049 |a TXAM  |c [296622] 
090 |a QL121  |b .B68 1951 
092 |a 591.92  |b B763f 
100 1 |a Boulenger, E. G.  |q (Edward George),  |d 1888-1946. 
245 1 3 |a La faune des oceans :  |b histoire naturelle de la mer /  |c Avec 51 figures. 
264 1 |a Paris :  |b Payot,  |c 1951. 
300 |a 2 pages ., [7]-203 pages, [2] pages :  |b illustrations ;  |c 23 cm. 
336 |a text  |b txt  |2 rdacontent 
337 |a unmediated  |b n  |2 rdamedia 
338 |a volume  |b nc  |2 rdacarrier 
490 1 |a Bibliothèque géographique 
500 |a At head of title: ... E. G. Boulenger. 
650 0 |a Marine animals. 
830 0 |a Bibliothèque géographique. 
999 |a MARS 
999 f f |s 477f7833-1def-31db-903e-d1203e0d4aac  |i 6338c4cf-5108-3e3e-ad3d-b8c1c1d9505f  |t 0 
952 f f |p ric  |a Texas A&M University  |b Rellis Campus  |c Joint Library Facility  |d Remote Storage  |t 0  |e QL121 .B68 1951  |h Library of Congress classification  |i unmediated -- volume  |m A14801009062 
998 f f |a QL121 .B68 1951  |t 0  |l Remote Storage